THE ULTIMATE ODELL BECKHAM JR QUIZ!!! - Statistics

General Stats
  • This quiz has been taken 745 times
  • The average score is 8 of 15
Answer Stats
Hint Answer % Correct
How Many Siblings does Odell have? 2
96%
How Many Pro Bowls has he been in? 3 in 3 years
90%
What Year was Odell Drafted? 2014
79%
How Old is Odell? 24
77%
Where did Odell go to College? LSU
77%
Did Odell win Offensive Rookie of the Year? Yes
77%
How Many Career Touchdowns does Odell have as of the end of the 2016 Season? Hint it is in the 30`s. 35
66%
How Tall is Odell? 5'11
65%
Where was Odell born? Baton Rogue, Louisiana
41%
What Other NFL Player did Odell grow up with? Jarvis Landry
40%
Who is Odell's Godfather? Shaq
25%
When was Odell born? November 5, 1992
19%
Where did Odell go to High School? Newman High School
17%
Who does Odell Think is the G.O.A.T.? Jerry Rice
16%
What was the date of Odell's signature catch? November 23, 2014
10%
No matching quizzes found
Score Distribution
Percent of People with Each Score
Percentile by Number Answered
Your Score History
You have not taken this quiz